[Event "65+ World Senior Team Championship"]
[Site "chess24.com"]
[Date "2017.04.24"]
[Round "1"]
[White "Scholes, James E"]
[Black "Birnboim, Nathan"]
[Result "0-1"]
[Board "1"]
[WhiteElo "2071"]
[WhiteCountry "ENG"]
[WhiteFideId "404659"]
[WhiteEloChange "-3"]
[BlackElo "2355"]
[BlackTitle "IM"]
[BlackCountry "ISR"]
[BlackFideId "2800209"]
[BlackEloChange "3"]

1. c4 {[%clk 1:30:55]} e6 {[%clk 1:30:30]} 2. Nc3 {[%clk 1:30:35]} Bb4 {[%clk
1:30:37]} 3. g3 {[%clk 1:28:47]} Nf6 {[%clk 1:29:23]} 4. Bg2 {[%clk 1:29:04]} O-O
{[%clk 1:26:30]} 5. e3 {[%clk 1:20:35]} Bxc3 {[%clk 1:25:52]} 6. dxc3 {[%clk
1:20:23]} d5 {[%clk 1:25:11]} 7. cxd5 {[%clk 1:20:43]} exd5 {[%clk 1:25:18]} 8.
Ne2 {[%clk 1:21:04]} c6 {[%clk 1:12:20]} 9. h3 {[%clk 1:21:13]} Re8 {[%clk
1:11:23]} 10. g4 {[%clk 1:14:52]} Nbd7 {[%clk 1:00:02]} 11. O-O {[%clk 1:11:33]}
h5 {[%clk 0:50:00]} 12. f3 {[%clk 1:11:46]} hxg4 {[%clk 0:46:25]} 13. hxg4 {[%clk
1:12:08]} Ne5 {[%clk 0:38:32]} 14. b3 {[%clk 1:01:50]} Ng6 {[%clk 0:30:02]} 15.
Qe1 {[%clk 0:58:13]} Qb6 {[%clk 0:28:41]} 16. Qf2 {[%clk 0:53:47]} Ne5 {[%clk
0:27:15]} 17. Nd4 {[%clk 0:53:31]} c5 {[%clk 0:26:40]} 18. Nc2 {[%clk 0:52:34]}
Bd7 {[%clk 0:25:29]} 19. g5 {[%clk 0:50:31]} Nh5 {[%clk 0:23:49]} 20. Qh4 {[%clk
0:48:53]} g6 {[%clk 0:17:49]} 21. f4 {[%clk 0:45:35]} Nd3 {[%clk 0:18:08]} 22. f5
{[%clk 0:42:43]} Qd6 {[%clk 0:17:09]} 23. Rd1 {[%clk 0:41:06]} Bxf5 {[%clk
0:17:02]} 24. Ne1 {[%clk 0:37:24]} Nxc1 {[%clk 0:15:23]} 25. Rxd5 {[%clk
0:36:18]} Ne2+ {[%clk 0:15:10]} 26. Kf2 {[%clk 0:35:42]} Qe6 {[%clk 0:11:59]} 27.
Kxe2 {[%clk 0:35:49]} Qxe3+ {[%clk 0:12:20]} 28. Kd1 {[%clk 0:35:15]} Ng3 {[%clk
0:11:47]} 0-1

[Event "65+ World Senior Team Championship"]
[Site "chess24.com"]
[Date "2017.04.24"]
[Round "1"]
[White "Berkovich, Mark A"]
[Black "Hewson, Brian W R"]
[Result "1-0"]
[Board "2"]
[WhiteElo "2345"]
[WhiteTitle "IM"]
[WhiteCountry "ISR"]
[WhiteFideId "2801639"]
[WhiteEloChange "3"]
[BlackElo "2060"]
[BlackCountry "ENG"]
[BlackFideId "437484"]
[BlackEloChange "-3"]

1. e4 {[%clk 1:30:55]} c6 {[%clk 1:30:49]} 2. c4 {[%clk 1:31:20]} d5 {[%clk
1:30:44]} 3. exd5 {[%clk 1:31:43]} cxd5 {[%clk 1:31:06]} 4. cxd5 {[%clk 1:32:09]}
Nf6 {[%clk 1:31:23]} 5. Qa4+ {[%clk 1:32:20]} Nbd7 {[%clk 1:29:10]} 6. Nc3 {[%clk
1:32:37]} g6 {[%clk 1:29:02]} 7. Bc4 {[%clk 1:32:39]} Bg7 {[%clk 1:28:58]} 8. d3
{[%clk 1:32:44]} a6 {[%clk 1:21:09]} 9. Nf3 {[%clk 1:29:55]} O-O {[%clk 1:21:27]}
10. Qa3 {[%clk 1:30:12]} b6 {[%clk 1:14:21]} 11. O-O {[%clk 1:26:56]} Bb7 {[%clk
1:12:48]} 12. Re1 {[%clk 1:27:07]} b5 {[%clk 1:11:05]} 13. Bb3 {[%clk 1:26:24]}
Re8 {[%clk 1:09:34]} 14. Ng5 {[%clk 1:08:15]} Nb6 {[%clk 0:58:06]} 15. d6 {[%clk
1:01:56]} e6 {[%clk 0:45:13]} 16. Nge4 {[%clk 1:00:56]} Bd5 {[%clk 0:38:44]} 17.
Bg5 {[%clk 0:58:48]} Bxb3 {[%clk 0:32:16]} 18. Qxb3 {[%clk 0:58:11]} Nbd7 {[%clk
0:26:01]} 19. h3 {[%clk 0:52:53]} Qb8 {[%clk 0:20:55]} 20. Rac1 {[%clk 0:49:26]}
Rc8 {[%clk 0:15:58]} 21. Qb4 {[%clk 0:27:24]} Ne8 {[%clk 0:10:20]} 22. Be7 {[%clk
0:26:05]} Qb6 {[%clk 0:10:04]} 23. Ng5 {[%clk 0:21:36]} Bd4 {[%clk 0:06:34]} 24.
Nce4 {[%clk 0:21:27]} a5 {[%clk 0:06:34]} 25. Qd2 {[%clk 0:19:45]} Be5 {[%clk
0:04:23]} 26. Rxc8 {[%clk 0:12:29]} Rxc8 {[%clk 0:04:52]} 27. Rc1 {[%clk
0:11:15]} Rc6 {[%clk 0:03:35]} 28. Nf3 {[%clk 0:06:37]} Nxd6 {[%clk 0:02:22]} 29.
Nxe5 {[%clk 0:03:53]} Nxe4 {[%clk 0:01:38]} 30. dxe4 {[%clk 0:03:09]} Rxc1+
{[%clk 0:01:39]} 31. Qxc1 {[%clk 0:03:24]} Nxe5 {[%clk 0:02:06]} 32. Qc8+ {[%clk
0:03:39]} Kg7 {[%clk 0:02:33]} 33. Qf8# {[%clk 0:04:00]} 1-0

[Event "65+ World Senior Team Championship"]
[Site "chess24.com"]
[Date "2017.04.24"]
[Round "1"]
[White "Reynolds, D Ian W"]
[Black "Lederman, Leon"]
[Result "1/2-1/2"]
[Board "3"]
[WhiteElo "2000"]
[WhiteCountry "ENG"]
[WhiteFideId "410705"]
[WhiteEloChange "7"]
[BlackElo "2276"]
[BlackTitle "IM"]
[BlackCountry "ISR"]
[BlackFideId "2800403"]
[BlackEloChange "-7"]

1. e4 {[%clk 1:30:56]} c5 {[%clk 1:30:56]} 2. c3 {[%clk 1:31:18]} e6 {[%clk
1:31:18]} 3. d4 {[%clk 1:31:16]} d5 {[%clk 1:31:44]} 4. exd5 {[%clk 1:30:59]}
exd5 {[%clk 1:32:13]} 5. Nf3 {[%clk 1:31:06]} Nf6 {[%clk 1:32:28]} 6. Bb5+ {[%clk
1:29:56]} Bd7 {[%clk 1:30:46]} 7. Qe2+ {[%clk 1:28:10]} Be7 {[%clk 1:29:41]} 8.
O-O {[%clk 1:26:48]} O-O {[%clk 1:30:04]} 9. Ne5 {[%clk 1:22:55]} Bxb5 {[%clk
1:14:24]} 10. Qxb5 {[%clk 1:23:16]} Qc8 {[%clk 1:14:51]} 11. Be3 {[%clk 1:11:09]}
Nc6 {[%clk 1:10:23]} 12. Nxc6 {[%clk 1:00:17]} bxc6 {[%clk 1:07:59]} 13. Qd3
{[%clk 0:55:01]} c4 {[%clk 1:00:00]} 14. Qc2 {[%clk 0:55:12]} Bd6 {[%clk
0:58:48]} 15. Nd2 {[%clk 0:54:45]} Re8 {[%clk 0:57:35]} 16. h3 {[%clk 0:52:46]}
Qc7 {[%clk 0:53:39]} 17. b3 {[%clk 0:47:11]} cxb3 {[%clk 0:53:56]} 18. axb3
{[%clk 0:47:26]} c5 {[%clk 0:53:10]} 19. dxc5 {[%clk 0:41:31]} Bxc5 {[%clk
0:51:43]} 20. Bxc5 {[%clk 0:39:27]} Qxc5 {[%clk 0:52:09]} 21. b4 {[%clk 0:38:41]}
Qb6 {[%clk 0:48:12]} 22. Qd3 {[%clk 0:35:59]} a5 {[%clk 0:35:26]} 23. bxa5 {[%clk
0:31:27]} Rxa5 {[%clk 0:35:51]} 24. Rxa5 {[%clk 0:31:27]} Qxa5 {[%clk 0:35:51]}
25. Rb1 {[%clk 0:19:07]} g6 {[%clk 0:30:33]} 26. Qd4 {[%clk 0:16:44]} Qd8 {[%clk
0:19:22]} 27. c4 {[%clk 0:14:54]} dxc4 {[%clk 0:19:40]} 28. Qxd8 {[%clk 0:14:54]}
Rxd8 {[%clk 0:19:40]} 29. Nxc4 {[%clk 0:15:07]} 1/2-1/2

[Event "65+ World Senior Team Championship"]
[Site "chess24.com"]
[Date "2017.04.24"]
[Round "1"]
[White "Malisov, Boris"]
[Black "Thynne, Trefor F"]
[Result "1-0"]
[Board "4"]
[WhiteElo "2283"]
[WhiteCountry "ISR"]
[WhiteFideId "2802503"]
[WhiteEloChange "3"]
[BlackElo "1975"]
[BlackCountry "ENG"]
[BlackFideId "419893"]
[BlackEloChange "-3"]

1. e4 {[%clk 1:30:30]} c5 {[%clk 1:30:30]} 2. Nc3 {[%clk 1:30:20]} Nc6 {[%clk
1:30:49]} 3. f4 {[%clk 1:30:38]} e6 {[%clk 1:31:06]} 4. Nf3 {[%clk 1:30:53]} b6
{[%clk 1:30:22]} 5. g3 {[%clk 1:30:21]} Bb7 {[%clk 1:30:30]} 6. Bg2 {[%clk
1:30:30]} d5 {[%clk 1:25:01]} 7. d3 {[%clk 1:29:46]} Nf6 {[%clk 1:23:42]} 8. e5
{[%clk 1:29:34]} Nd7 {[%clk 1:23:53]} 9. O-O {[%clk 1:29:42]} Be7 {[%clk
1:15:43]} 10. Bd2 {[%clk 1:27:01]} a6 {[%clk 1:07:18]} 11. Be1 {[%clk 1:26:24]}
Qc7 {[%clk 1:06:32]} 12. Bf2 {[%clk 1:26:29]} O-O-O {[%clk 0:59:43]} 13. h4
{[%clk 1:21:09]} h6 {[%clk 0:58:19]} 14. h5 {[%clk 1:21:09]} Rhg8 {[%clk
0:56:04]} 15. Bh3 {[%clk 1:19:42]} Kb8 {[%clk 0:51:18]} 16. Qe2 {[%clk 1:17:37]}
Bc8 {[%clk 0:43:28]} 17. Rae1 {[%clk 1:17:01]} Nf8 {[%clk 0:43:05]} 18. d4 {[%clk
1:13:49]} c4 {[%clk 0:41:25]} 19. a3 {[%clk 1:08:49]} b5 {[%clk 0:39:45]} 20. Kh2
{[%clk 1:06:24]} Ka7 {[%clk 0:30:30]} 21. Rg1 {[%clk 0:55:31]} Re8 {[%clk
0:20:51]} 22. Qd2 {[%clk 0:54:30]} Nh7 {[%clk 0:17:10]} 23. Be3 {[%clk 0:51:59]}
Rh8 {[%clk 0:13:39]} 24. g4 {[%clk 0:45:54]} Reg8 {[%clk 0:13:09]} 25. Rg3 {[%clk
0:44:20]} g5 {[%clk 0:09:38]} 26. hxg6 {[%clk 0:40:55]} fxg6 {[%clk 0:10:01]} 27.
Reg1 {[%clk 0:37:11]} Qd8 {[%clk 0:09:02]} 28. f5 {[%clk 0:34:57]} g5 {[%clk
0:08:03]} 29. f6 {[%clk 0:31:50]} Bf8 {[%clk 0:08:32]} 30. Ra1 {[%clk 0:28:02]}
Qa5 {[%clk 0:08:08]} 31. Qe1 {[%clk 0:27:54]} b4 {[%clk 0:08:09]} 32. axb4 {[%clk
0:27:51]} Qxb4 {[%clk 0:08:37]} 33. Qb1 {[%clk 0:26:54]} Qb6 {[%clk 0:07:41]} 34.
b3 {[%clk 0:22:56]} cxb3 {[%clk 0:07:28]} 35. cxb3 {[%clk 0:21:26]} Bb4 {[%clk
0:07:09]} 36. Na4 {[%clk 0:21:23]} Qc7 {[%clk 0:06:24]} 37. Qc2 {[%clk 0:20:49]}
Bd7 {[%clk 0:04:28]} 38. Nc5 {[%clk 0:20:35]} Bxc5 {[%clk 0:04:26]} 39. Qxc5+
{[%clk 0:20:43]} Kb7 {[%clk 0:04:31]} 40. Bf1 {[%clk 0:20:30]} Ra8 {[%clk
0:04:56]} 41. Ne1 {[%clk 0:50:12]} Ra7 {[%clk 0:29:20]} 42. Nd3 {[%clk 0:50:16]}
a5 {[%clk 0:27:40]} 43. Rf3 {[%clk 0:48:04]} Qb6 {[%clk 0:21:41]} 44. Qc2 {[%clk
0:47:14]} Nf8 {[%clk 0:20:39]} 45. Nc5+ {[%clk 0:47:24]} Ka8 {[%clk 0:17:52]} 46.
Bd3 {[%clk 0:40:33]} Nb4 {[%clk 0:15:23]} 47. Qd2 {[%clk 0:39:52]} Nxd3 {[%clk
0:13:49]} 48. Qxd3 {[%clk 0:40:04]} Bb5 {[%clk 0:13:49]} 49. Qc2 {[%clk 0:35:42]}
Rhh7 {[%clk 0:12:04]} 50. Bc1 {[%clk 0:34:07]} Kb8 {[%clk 0:06:22]} 51. Rh3
{[%clk 0:32:54]} Bf1 {[%clk 0:05:39]} 52. Rg3 {[%clk 0:28:07]} Qb5 {[%clk
0:05:00]} 53. Kg1 {[%clk 0:26:03]} Qe2 {[%clk 0:03:48]} 54. Qxe2 {[%clk 0:25:52]}
Bxe2 {[%clk 0:04:17]} 55. Ra2 {[%clk 0:25:52]} Bb5 {[%clk 0:04:35]} 56. Bd2
{[%clk 0:25:58]} Bd7 {[%clk 0:03:23]} 57. Rxa5 {[%clk 0:25:23]} Rxa5 {[%clk
0:03:42]} 58. Bxa5 {[%clk 0:25:51]} Bb5 {[%clk 0:03:04]} 59. Kf2 {[%clk 0:25:33]}
Kc8 {[%clk 0:03:03]} 60. Bb4 {[%clk 0:23:36]} Rh8 {[%clk 0:02:51]} 61. Rh3 {[%clk
0:23:26]} Bd7 {[%clk 0:02:56]} 62. Rh1 {[%clk 0:23:39]} Ng6 {[%clk 0:02:44]} 63.
Ra1 {[%clk 0:23:53]} Rh7 {[%clk 0:02:06]} 64. Ra7 {[%clk 0:23:37]} Nf8 {[%clk
0:02:11]} 65. Ra8+ {[%clk 0:23:44]} 1-0

[Event "65+ World Senior Team Championship"]
[Site "chess24.com"]
[Date "2017.04.24"]
[Round "1"]
[White "Renman, Nils-Gustaf"]
[Black "Jones, Iolo C"]
[Result "1/2-1/2"]
[Board "1"]
[WhiteElo "2361"]
[WhiteTitle "IM"]
[WhiteCountry "SWE"]
[WhiteFideId "1700367"]
[WhiteEloChange "-4"]
[BlackElo "2195"]
[BlackTitle "FM"]
[BlackCountry "WLS"]
[BlackFideId "1800094"]
[BlackEloChange "4"]

1. d4 {[%clk 1:30:55]} Nf6 {[%clk 1:30:41]} 2. Nf3 {[%clk 1:31:20]} e6 {[%clk
1:30:54]} 3. c4 {[%clk 1:31:45]} Bb4+ {[%clk 1:30:49]} 4. Bd2 {[%clk 1:32:08]}
Qe7 {[%clk 1:30:47]} 5. g3 {[%clk 1:32:25]} O-O {[%clk 1:30:33]} 6. Bg2 {[%clk
1:32:26]} Bxd2+ {[%clk 1:29:54]} 7. Qxd2 {[%clk 1:28:56]} d6 {[%clk 1:28:19]} 8.
Nc3 {[%clk 1:28:03]} e5 {[%clk 1:25:25]} 9. O-O {[%clk 1:27:28]} Nbd7 {[%clk
1:20:22]} 10. e4 {[%clk 1:25:44]} Re8 {[%clk 1:09:31]} 11. Rfe1 {[%clk 1:22:40]}
c6 {[%clk 1:04:52]} 12. h3 {[%clk 1:19:47]} Nf8 {[%clk 0:59:11]} 13. Rad1 {[%clk
1:16:22]} Ng6 {[%clk 0:56:26]} 14. b4 {[%clk 1:03:05]} Qc7 {[%clk 0:49:00]} 15.
Bf1 {[%clk 0:37:17]} Bd7 {[%clk 0:34:12]} 16. Qb2 {[%clk 0:33:14]} Rad8 {[%clk
0:30:35]} 17. d5 {[%clk 0:24:02]} cxd5 {[%clk 0:27:56]} 18. cxd5 {[%clk 0:23:32]}
a6 {[%clk 0:26:35]} 19. Rc1 {[%clk 0:21:59]} Qb6 {[%clk 0:21:39]} 20. Nd2 {[%clk
0:22:14]} Qd4 {[%clk 0:17:53]} 21. Nc4 {[%clk 0:20:30]} Bc8 {[%clk 0:15:44]} 22.
Red1 {[%clk 0:19:57]} Qa7 {[%clk 0:15:32]} 23. b5 {[%clk 0:17:48]} Re7 {[%clk
0:12:19]} 24. b6 {[%clk 0:13:36]} Qb8 {[%clk 0:11:56]} 25. Qb4 {[%clk 0:12:21]}
Ne8 {[%clk 0:10:43]} 26. Na5 {[%clk 0:10:05]} Bd7 {[%clk 0:09:01]} 27. Nb1 {[%clk
0:08:58]} Rc8 {[%clk 0:07:50]} 28. Nd2 {[%clk 0:09:25]} Rxc1 {[%clk 0:06:26]} 29.
Rxc1 {[%clk 0:09:51]} Nf8 {[%clk 0:05:35]} 30. Kh2 {[%clk 0:08:10]} f6 {[%clk
0:04:46]} 31. Nc6 {[%clk 0:03:53]} bxc6 {[%clk 0:03:53]} 32. dxc6 {[%clk
0:04:21]} Bc8 {[%clk 0:03:22]} 33. Bc4+ {[%clk 0:03:38]} Kh8 {[%clk 0:03:23]} 34.
Bd5 {[%clk 0:03:13]} Ne6 {[%clk 0:02:38]} 35. b7 {[%clk 0:01:41]} N6c7 {[%clk
0:01:46]} 36. bxc8Q {[%clk 0:01:41]} Qxb4 {[%clk 0:03:26]} 37. Rc2 {[%clk
0:00:37]} Nxd5 {[%clk 0:02:55]} 38. exd5 {[%clk 0:01:05]} Qd4 {[%clk 0:02:39]}
39. Qd8 {[%clk 0:00:57]} Qxf2+ {[%clk 0:02:47]} 40. Kh1 {[%clk 0:31:26]} Qe1+
{[%clk 0:32:50]} 41. Kg2 {[%clk 0:29:18]} Qe2+ {[%clk 0:30:19]} 42. Kg1 {[%clk
0:29:40]} Qe3+ {[%clk 0:27:55]} 43. Kf1 {[%clk 0:19:53]} Qd3+ {[%clk 0:27:11]}
44. Ke1 {[%clk 0:20:16]} Qxg3+ {[%clk 0:26:50]} 45. Kd1 {[%clk 0:17:57]} Qg1+
{[%clk 0:26:34]} 46. Ke2 {[%clk 0:18:21]} Qg2+ {[%clk 0:24:39]} 47. Kd1 {[%clk
0:07:41]} Qg1+ {[%clk 0:24:44]} 48. Ke2 {[%clk 0:08:06]} Qg2+ {[%clk 0:25:02]}
49. Kd1 {[%clk 0:06:14]} 1/2-1/2

[Event "65+ World Senior Team Championship"]
[Site "chess24.com"]
[Date "2017.04.24"]
[Round "1"]
[White "Thornton, John D"]
[Black "Uddenfeldt, Dan"]
[Result "0-1"]
[Board "2"]
[WhiteElo "2059"]
[WhiteCountry "WLS"]
[WhiteFideId "1800663"]
[WhiteEloChange "-3"]
[BlackElo "2359"]
[BlackCountry "SWE"]
[BlackFideId "1700243"]
[BlackEloChange "3"]

1. e4 {[%clk 1:30:49]} g6 {[%clk 1:30:21]} 2. d4 {[%clk 1:30:37]} Bg7 {[%clk
1:30:17]} 3. Nf3 {[%clk 1:29:59]} d6 {[%clk 1:30:14]} 4. Nc3 {[%clk 1:29:25]} Nf6
{[%clk 1:29:20]} 5. Be2 {[%clk 1:27:42]} O-O {[%clk 1:27:54]} 6. h3 {[%clk
1:27:34]} c6 {[%clk 1:26:39]} 7. a4 {[%clk 1:23:58]} a5 {[%clk 1:24:02]} 8. O-O
{[%clk 1:23:47]} Nbd7 {[%clk 1:20:30]} 9. Be3 {[%clk 1:21:40]} e5 {[%clk
1:17:14]} 10. dxe5 {[%clk 1:15:03]} dxe5 {[%clk 1:17:17]} 11. Qd6 {[%clk
1:11:36]} Re8 {[%clk 1:11:55]} 12. Rad1 {[%clk 1:07:53]} Bf8 {[%clk 1:02:57]} 13.
Qd2 {[%clk 1:07:34]} Bb4 {[%clk 1:02:25]} 14. Bg5 {[%clk 0:59:31]} Qe7 {[%clk
0:56:02]} 15. Qe3 {[%clk 0:56:32]} Nc5 {[%clk 0:52:01]} 16. Nd2 {[%clk 0:48:01]}
Ne6 {[%clk 0:50:23]} 17. Bh6 {[%clk 0:41:30]} Nd4 {[%clk 0:43:32]} 18. Bd3 {[%clk
0:41:16]} Bc5 {[%clk 0:42:05]} 19. Qe1 {[%clk 0:36:22]} Nh5 {[%clk 0:41:08]} 20.
Be3 {[%clk 0:35:10]} Nf4 {[%clk 0:38:10]} 21. Bxf4 {[%clk 0:26:35]} exf4 {[%clk
0:38:34]} 22. Kh2 {[%clk 0:26:32]} f3 {[%clk 0:36:10]} 23. g3 {[%clk 0:23:48]}
Qe6 {[%clk 0:36:14]} 24. g4 {[%clk 0:22:25]} Qe5+ {[%clk 0:36:22]} 25. Kh1 {[%clk
0:21:45]} Bxg4 {[%clk 0:36:37]} 26. Rg1 {[%clk 0:20:09]} Qh5 {[%clk 0:36:39]} 0-1

[Event "65+ World Senior Team Championship"]
[Site "chess24.com"]
[Date "2017.04.24"]
[Round "1"]
[White "Malmdin, Nils-Ake"]
[Black "Waterfield, John W"]
[Result "1-0"]
[Board "3"]
[WhiteElo "2197"]
[WhiteTitle "FM"]
[WhiteCountry "SWE"]
[WhiteFideId "1701584"]
[WhiteEloChange "4"]
[BlackElo "1948"]
[BlackCountry "WLS"]
[BlackFideId "407143"]
[BlackEloChange "-4"]

1. e4 {[%clk 1:30:35]} c5 {[%clk 1:30:53]} 2. Nf3 {[%clk 1:30:51]} d6 {[%clk
1:31:05]} 3. d4 {[%clk 1:30:53]} cxd4 {[%clk 1:31:33]} 4. Nxd4 {[%clk 1:31:02]}
Nf6 {[%clk 1:32:00]} 5. Nc3 {[%clk 1:31:09]} a6 {[%clk 1:32:26]} 6. Be2 {[%clk
1:26:25]} e5 {[%clk 1:32:43]} 7. Nb3 {[%clk 1:26:41]} Be7 {[%clk 1:29:54]} 8. Be3
{[%clk 1:25:14]} Be6 {[%clk 1:29:51]} 9. O-O {[%clk 1:21:10]} O-O {[%clk
1:29:02]} 10. a4 {[%clk 1:16:33]} b6 {[%clk 1:20:03]} 11. a5 {[%clk 1:00:30]} b5
{[%clk 1:13:10]} 12. Nd5 {[%clk 0:44:16]} Bxd5 {[%clk 1:12:25]} 13. exd5 {[%clk
0:44:37]} Nbd7 {[%clk 1:12:06]} 14. c4 {[%clk 0:43:41]} bxc4 {[%clk 1:04:55]} 15.
Bxc4 {[%clk 0:44:00]} Qb8 {[%clk 1:02:11]} 16. Qe2 {[%clk 0:36:51]} Qb7 {[%clk
0:35:15]} 17. Rfd1 {[%clk 0:37:03]} Rfb8 {[%clk 0:26:52]} 18. Ra3 {[%clk
0:34:15]} Ne8 {[%clk 0:26:09]} 19. Rd2 {[%clk 0:27:22]} Nc7 {[%clk 0:23:10]} 20.
Nc1 {[%clk 0:26:06]} Qc8 {[%clk 0:21:02]} 21. Rc2 {[%clk 0:25:26]} Qd8 {[%clk
0:20:28]} 22. Na2 {[%clk 0:19:34]} Nb5 {[%clk 0:17:45]} 23. Bxb5 {[%clk 0:18:42]}
Rxb5 {[%clk 0:17:34]} 24. Qd2 {[%clk 0:18:39]} Rab8 {[%clk 0:13:28]} 25. b4
{[%clk 0:16:42]} Rc8 {[%clk 0:08:41]} 26. Rxc8 {[%clk 0:14:52]} Qxc8 {[%clk
0:09:07]} 27. Rc3 {[%clk 0:15:09]} Qb7 {[%clk 0:08:17]} 28. Qc1 {[%clk 0:10:34]}
Rxd5 {[%clk 0:05:37]} 29. h3 {[%clk 0:10:44]} Bd8 {[%clk 0:04:43]} 30. Rc8 {[%clk
0:08:45]} Rd1+ {[%clk 0:05:10]} 31. Qxd1 {[%clk 0:09:14]} Qxc8 {[%clk 0:05:32]}
32. Qxd6 {[%clk 0:09:34]} h6 {[%clk 0:05:00]} 33. Nc1 {[%clk 0:07:08]} Bg5 {[%clk
0:02:43]} 34. Bxg5 {[%clk 0:06:54]} hxg5 {[%clk 0:03:09]} 35. Nd3 {[%clk
0:07:06]} f6 {[%clk 0:02:50]} 36. Qe6+ {[%clk 0:06:08]} Kh7 {[%clk 0:02:32]} 37.
Nc5 {[%clk 0:06:27]} Qb8 {[%clk 0:01:17]} 38. Nxd7 {[%clk 0:05:42]} Qxb4 {[%clk
0:01:37]} 39. Qb6 {[%clk 0:04:11]} Qe1+ {[%clk 0:01:05]} 40. Kh2 {[%clk 0:34:36]}
Qc1 {[%clk 0:31:17]} 41. Qe3 {[%clk 0:34:14]} Qa1 {[%clk 0:31:00]} 42. Qd2 {[%clk
0:34:01]} e4 {[%clk 0:31:00]} 43. g3 {[%clk 0:33:49]} Kh6 {[%clk 0:27:26]} 44.
Nc5 {[%clk 0:32:18]} f5 {[%clk 0:27:31]} 45. h4 {[%clk 0:31:50]} 1-0

[Event "65+ World Senior Team Championship"]
[Site "chess24.com"]
[Date "2017.04.24"]
[Round "1"]
[White "Van Kemenade, Rudy"]
[Black "Hedin, Gunnar"]
[Result "0-1"]
[Board "4"]
[WhiteElo "1914"]
[WhiteCountry "WLS"]
[WhiteFideId "410942"]
[WhiteEloChange "-3"]
[BlackElo "2193"]
[BlackCountry "SWE"]
[BlackFideId "1712381"]
[BlackEloChange "3"]

1. e4 {[%clk 1:30:55]} e6 {[%clk 1:30:03]} 2. d3 {[%clk 1:31:19]} d5 {[%clk
1:30:02]} 3. Qe2 {[%clk 1:31:43]} Be7 {[%clk 1:23:35]} 4. Nf3 {[%clk 1:31:34]}
Nf6 {[%clk 1:23:17]} 5. g3 {[%clk 1:31:50]} O-O {[%clk 1:23:17]} 6. Bg2 {[%clk
1:32:12]} b5 {[%clk 1:22:18]} 7. a4 {[%clk 1:31:43]} b4 {[%clk 1:22:01]} 8. e5
{[%clk 1:32:00]} Nfd7 {[%clk 1:22:19]} 9. O-O {[%clk 1:32:21]} c5 {[%clk
1:21:41]} 10. c4 {[%clk 1:32:32]} bxc3 {[%clk 1:19:02]} 11. bxc3 {[%clk 1:32:32]}
a5 {[%clk 1:10:03]} 12. c4 {[%clk 1:31:53]} Nb6 {[%clk 1:03:32]} 13. Nc3 {[%clk
1:31:20]} Nc6 {[%clk 1:03:17]} 14. Rd1 {[%clk 1:28:46]} Bd7 {[%clk 0:46:14]} 15.
h4 {[%clk 1:28:44]} h6 {[%clk 0:41:55]} 16. h5 {[%clk 1:28:45]} Re8 {[%clk
0:36:32]} 17. Nb5 {[%clk 1:28:05]} f5 {[%clk 0:31:26]} 18. Bf4 {[%clk 1:26:24]}
Nb4 {[%clk 0:29:10]} 19. Nh2 {[%clk 1:25:52]} Rc8 {[%clk 0:25:24]} 20. Kh1 {[%clk
1:21:22]} Rf8 {[%clk 0:24:28]} 21. Bf3 {[%clk 1:18:14]} Kh7 {[%clk 0:20:16]} 22.
Nf1 {[%clk 1:15:45]} Bc6 {[%clk 0:15:56]} 23. Kg1 {[%clk 1:16:07]} Qe8 {[%clk
0:13:46]} 24. Nd2 {[%clk 1:16:12]} Nc2 {[%clk 0:12:32]} 25. Ra2 {[%clk 1:15:57]}
Bxb5 {[%clk 0:12:53]} 26. axb5 {[%clk 1:15:52]} Nd4 {[%clk 0:12:45]} 27. Qe3
{[%clk 1:16:13]} a4 {[%clk 0:11:19]} 28. Rc1 {[%clk 1:15:22]} Nxf3+ {[%clk
0:09:35]} 29. Qxf3 {[%clk 1:15:39]} Ra8 {[%clk 0:09:12]} 30. Kg2 {[%clk 1:15:18]}
Qd7 {[%clk 0:08:12]} 31. Kh2 {[%clk 1:14:56]} Ra7 {[%clk 0:07:44]} 32. Nb1 {[%clk
1:13:27]} Rd8 {[%clk 0:06:53]} 33. Rd2 {[%clk 1:12:38]} Rf8 {[%clk 0:05:55]} 34.
Na3 {[%clk 1:12:02]} Qb7 {[%clk 0:05:46]} 35. Qe2 {[%clk 1:10:44]} Raa8 {[%clk
0:05:18]} 36. Rg1 {[%clk 1:10:41]} Rf7 {[%clk 0:05:05]} 37. g4 {[%clk 1:10:57]}
fxg4 {[%clk 0:03:06]} 38. Qxg4 {[%clk 1:11:16]} Bf8 {[%clk 0:03:25]} 39. Qg6+
{[%clk 1:11:35]} Kh8 {[%clk 0:03:34]} 40. Bxh6 {[%clk 1:41:28]} dxc4 {[%clk
0:33:00]} 41. dxc4 {[%clk 1:41:05]} Qf3 {[%clk 0:32:02]} 42. Be3 {[%clk 1:39:47]}
Rf5 {[%clk 0:28:01]} 43. Rg5 {[%clk 1:39:43]} Rf4 {[%clk 0:21:46]} 44. Bxf4
{[%clk 1:34:41]} Qxf4+ {[%clk 0:22:00]} 45. Kg2 {[%clk 1:35:05]} Qxd2 {[%clk
0:22:19]} 46. h6 {[%clk 1:35:30]} Qd7 {[%clk 0:21:38]} 47. hxg7+ {[%clk 1:34:34]}
Qxg7 {[%clk 0:10:35]} 48. Qh5+ {[%clk 1:32:22]} Qh7 {[%clk 0:11:03]} 49. Qf3
{[%clk 1:31:34]} Bh6 {[%clk 0:11:16]} 50. Qf6+ {[%clk 1:31:32]} Bg7 {[%clk
0:11:29]} 51. Qxe6 {[%clk 1:31:12]} Rf8 {[%clk 0:03:51]} 52. Rg6 {[%clk 1:24:55]}
Nd7 {[%clk 0:01:42]} 53. Rg3 {[%clk 1:24:59]} Bh6 {[%clk 0:01:23]} 54. Rh3 {[%clk
1:24:47]} Rg8+ {[%clk 0:01:27]} 55. Kh1 {[%clk 1:25:02]} Qe4+ {[%clk 0:01:18]}
56. f3 {[%clk 1:25:21]} Qe1+ {[%clk 0:01:43]} 57. Kh2 {[%clk 1:25:40]} Qg1#
{[%clk 0:02:10]} 0-1